Rational or Irrational Number? - Statistics

General Stats
  • This quiz has been taken 55 times
  • The average score is 10 of 13
Answer Stats
Hint Answer % Correct
π Irrational
96%
2% Rational
93%
7 Rational
87%
√3 Irrational
84%
√16 Rational
84%
-2 Rational
84%
1 + √3 Irrational
82%
5/8 Rational
82%
1/√6 Irrational
80%
3/11 Rational
80%
-9/4 Rational
80%
1/3 Rational
67%
√2025 Rational
44%
No matching quizzes found
Score Distribution
Percent of People with Each Score
Percentile by Number Answered
Your Score History
You have not taken this quiz